|
|
|
|
| LEADER |
00000nab a2200000 a 4500 |
| 001 |
vtls000754154 |
| 003 |
SK-MaSNL |
| 005 |
20260302192421.0 |
| 008 |
160322c2001 xo 0 slo |
| 015 |
|
|
|a SNBRB2001/04-12828
|
| 035 |
|
|
|a CLN000105941
|
| 040 |
|
|
|a SNKBUCL
|b slo
|c SNKBUCL
|e AACR2
|
| 041 |
0 |
|
|a slo
|
| 044 |
|
|
|a xo
|c SK
|
| 080 |
|
|
|a 738.071.1
|2 UDC-MRF-SK2
|
| 080 |
|
|
|a 929 Axamitová, Ivett
|2 UDC-MRF-SK2
|
| 100 |
1 |
|
|a Struhárová, Silvia
|4 aut
|9 824454
|
| 245 |
1 |
0 |
|a Umenie je služba
|c Silvia Struhárová
|
| 300 |
|
|
|b Obr.
|
| 600 |
1 |
7 |
|a Axamitová, Ivett,
|d 1967-
|2 snkbucl
|9 264511
|
| 655 |
|
7 |
|a články z novín a časopisov
|2 snkbucl
|9 267496
|
| 773 |
0 |
|
|x 0139-8512
|t Katolícke noviny
|g Roč. 116, č. 13 (2001), s. 19
|
| 850 |
|
|
|a Slovenská národná knižnica v Martine
|
| 852 |
|
|
|a SNK
|b KIS3GCP
|
| 958 |
|
|
|a BX
|
| 958 |
|
|
|a SK
|
| 958 |
|
|
|a RBX
|
| 999 |
|
|
|c 1440720
|d 1442650
|